Removal of hexavalent chromium with a lignocellulosic substrate extracted from wheat bran /

সংরক্ষণ করুন:
গ্রন্থ-পঞ্জীর বিবরন
প্রধান লেখক: Dupont, L.
অন্যান্য লেখক: Guillon, E.
বিন্যাস: প্রবন্ধ
ভাষা:English
বিষয়গুলি:
ট্যাগগুলো: ট্যাগ যুক্ত করুন
কোনো ট্যাগ নেই, প্রথমজন হিসাবে ট্যাগ করুন!
Thư viện lưu trữ: Thư viện Trường Đại học Đà Lạt
LEADER 00989nam a2200325 4500
001 DLU090094037
005 ##20091201
040 # # |a DLU  |b eng 
041 # # |a eng 
044 # # |a us 
100 # # |a Dupont, L. 
245 # # |a Removal of hexavalent chromium with a lignocellulosic substrate extracted from wheat bran /  |c L. Dupont, E. Guillon. 
653 # # |a Adsorption capacity 
653 # # |a Decontamination 
653 # # |a Heavy metal 
653 # # |a Lignocellulosics 
653 # # |a Oxidation reduction 
653 # # |a Physicochemical purification 
653 # # |a Pollution control 
700 # # |a Guillon, E. 
773 # # |t Environmental Science & Technology  |g Vol. 37, no. 18 (September 2003), p. 4235-4241 
920 # # |a Phòng Tạp chí -- Trung tâm Thông tin - Thư viện Trường Đại học Đà Lạt 
994 # # |a DLU 
900 # # |a True 
911 # # |a Trương Bảo Trâm Anh 
925 # # |a G 
926 # # |a A 
927 # # |a BB 
980 # # |a Thư viện Trường Đại học Đà Lạt